Datum a čas kvízu
23
Celkem bodů
Celkový počet nahraných bodů na tomto kvízu bez doplňovacích otázek.
6.
Pořadí na kvízu
Konečné umístění týmu na tomto kvízu.
Zaznamenané odpovědi
| # | Otázka | Odpověď | Body | Výsledky |
|---|---|---|---|---|
| 1. | Vláda ve čtvrtek schválila odc... | 1 | ||
| 2. | Ukrajinská opoziční politička... | 0 | ||
| 3. | V pondělí byl neznámými útoční... | 1 | ||
| 4. | Firma, patřící do holdingu Agr... | 0 | ||
| 5. | Bývalému vynikajícímu hokejové... | 0 | ||
| 6. | Podíváme se na zvířata, která... | 0 | ||
| 7. | Na území kterého státu žije vě... | 1 | ||
| 8. | Asi málokoho překvapí, že druh... | 0 | ||
| 9. | Menší kočkovitá šelma margay,... | 1 | ||
| 10. | Svět je opravdu plný paradoxů.... | 0 |